Short changed? (Record no. 78751)

MARC details
000 -LEADER
fixed length control field 01319cab a22002535a 4500
001 - CONTROL NUMBER
control field L137955
008 - FIXED-LENGTH DATA ELEMENTS--GENERAL INFORMATION
fixed length control field 070509e20070504xxk f g 000 0 eng d
035 ## - SYSTEM CONTROL NUMBER
System control number (Sirsi) u137955
041 0# - LANGUAGE CODE
Language code of text/sound track or separate title eng
100 1# - MAIN ENTRY--PERSONAL NAME
Personal name Davey, Francis
245 00 - TITLE STATEMENT
Title Short changed?
260 ## - PUBLICATION, DISTRIBUTION, ETC.
Date of publication, distribution, etc. 2007
490 ## - SERIES STATEMENT
Series statement New Law Journal
Volume/sequential designation 157(7271) 4 May 2007, 622-623(2)
520 ## - SUMMARY, ETC.
Summary, etc. Considers whether landlords can recover court costs from defaulting tenants. Reports that the tenancy agreement should contain a clause for this to be the case. The sum recoverable is limited to £276.75, regardless of any explicit clauses to the contrary. Also covers the basis for taxation of a landlord's costs. Notes that settled law has yet to cover the requirement for landlords to consult with tenants prior to taking action. Refers to case law, particularly "Church Commissioners for England V Ibrahim and Another" (CA, ABS56506).
590 ## - LOCAL NOTE (RLIN)
Local note KA
650 24 - SUBJECT ADDED ENTRY--TOPICAL TERM
Topical term or geographic name entry element CHURCH COMMISSIONERS FOR ENGLAND V IBRAHIM AND ANOTHER
650 24 - SUBJECT ADDED ENTRY--TOPICAL TERM
Topical term or geographic name entry element GOMBA HOLDINGS (UK) LTD V MINORIES FINANCE LTD (NO 2)
650 24 - SUBJECT ADDED ENTRY--TOPICAL TERM
Topical term or geographic name entry element SUPREME COURT ACT 1981 S51
650 24 - SUBJECT ADDED ENTRY--TOPICAL TERM
Topical term or geographic name entry element LANDLORD AND TENANT ACT 1985 S18
650 24 - SUBJECT ADDED ENTRY--TOPICAL TERM
Topical term or geographic name entry element LANDLORD AND TENANT ACT 1985 S20
651 #4 - SUBJECT ADDED ENTRY--GEOGRAPHIC NAME
Geographic name England and Wales
Chronological subdivision 1543-
690 ## - LOCAL SUBJECT ADDED ENTRY--TOPICAL TERM (OCLC, RLIN)
Topical term or geographic name as entry element PROPERTY-LANDLORD AND TENANT-TENANCIES-BREACHING TENANCIES
942 ## - ADDED ENTRY ELEMENTS (KOHA)
Suppress in OPAC 0
Holdings
Withdrawn status Lost status Source of classification or shelving scheme Damaged status Not for loan Home library Current library Shelving location Date acquired Total Checkouts Full call number Barcode Date last seen Copy number Price effective from Koha item type
    Dewey Decimal Classification     London London Journal article 09/05/2007   L137955 137955-1001 06/08/2019 1 06/08/2019 Journal article